| 000 | 01414nam a2200361 a 4500 | ||
|---|---|---|---|
| 001 | ebr10354467 | ||
| 003 | CaPaEBR | ||
| 006 | m u | ||
| 007 | cr cn||||||||| | ||
| 008 | 040419s2004 iau sb s001 0deng | ||
| 010 | _z 2004048018 | ||
| 020 | _z0877459061 (cloth : alk. paper) | ||
| 040 |
_aCaPaEBR _cCaPaEBR |
||
| 035 | _a(OCoLC)82772815 | ||
| 050 | 1 | 4 |
_aPN2101 _b.W75 2004eb |
| 082 | 0 | 4 |
_a792/.09 _222 |
| 245 | 0 | 0 |
_aWriting & rewriting national theatre histories _h[electronic resource] / _cedited by S.E. Wilmer. |
| 246 | 3 | _aWriting and rewriting national theatre histories | |
| 260 |
_aIowa City : _bUniversity of Iowa Press, _cc2004. |
||
| 300 | _axi, 277 p. | ||
| 490 | 1 | _aStudies in theatre history and culture | |
| 504 | _aIncludes bibliographical references and index. | ||
| 533 |
_aElectronic reproduction. _bPalo Alto, Calif. : _cebrary, _d2013. _nAvailable via World Wide Web. _nAccess may be limited to ebrary affiliated libraries. |
||
| 650 | 0 |
_aTheater _xHistory. |
|
| 650 | 0 |
_aTheater _xHistoriography. |
|
| 650 | 0 |
_aHistory _xMethodology. |
|
| 650 | 0 | _aNational characteristics. | |
| 655 | 7 |
_aElectronic books. _2local |
|
| 700 | 1 | _aWilmer, S. E. | |
| 710 | 2 | _aebrary, Inc. | |
| 830 | 0 | _aStudies in theatre history and culture. | |
| 856 | 4 | 0 |
_uhttp://site.ebrary.com/lib/rucke/Doc?id=10354467 _zAn electronic book accessible through the World Wide Web; click to view |
| 999 |
_c34466 _d34466 |
||